Southville International School and Colleges
Your cart is empty.
  • Cart
  • Lists
    Public lists Eva Luna New books Lux_list list_1
    Your lists Log in to create your own lists
  • Log in to your account
  • Your cookies
  • Search history
Southville International School and Colleges
  • Advanced search
  • Recent comments
  • Most popular
  • Libraries

Log in to your account

Log in with GOOGLE


If you do not have an external account, but do have a local account, you can still log in:

  1. Home
  2. MARC view: A first look at communication theory /
Normal view MARC view ISBD view

A first look at communication theory / (Record no. 117429)

[ view plain ]
MARC details
000 -LEADER
fixed length control field 00544nam a2200193Ia 4500
003 - CONTROL NUMBER IDENTIFIER
control field PILC
005 - DATE AND TIME OF LATEST TRANSACTION
control field 20150907152641.0
008 - FIXED-LENGTH DATA ELEMENTS--GENERAL INFORMATION
fixed length control field 140527s9999 xx 000 0 und d
020 ## - INTERNATIONAL STANDARD BOOK NUMBER
International Standard Book Number 9781259073380
050 ## - LIBRARY OF CONGRESS CALL NUMBER
Classification number P 90
Item number .G875 2013
100 ## - MAIN ENTRY--PERSONAL NAME
Personal name Griffin, Em.
245 #2 - TITLE STATEMENT
Title A first look at communication theory /
Statement of responsibility, etc Em Griffin
250 ## - EDITION STATEMENT
Edition statement 8th edition.
260 ## - PUBLICATION, DISTRIBUTION, ETC. (IMPRINT)
Place of publication, distribution, etc New York :
Name of publisher, distributor, etc McGraw-Hill,
Date of publication, distribution, etc 2013.
300 ## - PHYSICAL DESCRIPTION
Extent 486 pages :
Other physical details illustrations ;
Dimensions 26 cm.
500 ## - GENERAL NOTE
General note Includes appendices and index.
942 ## - ADDED ENTRY ELEMENTS (KOHA)
Call number prefix Foreign
Koha item type Books
Source of classification or shelving scheme Library of Congress Classification
Holdings
Withdrawn status Lost status Damaged status Home library Current library Shelving location Date acquired Total Checkouts Full call number Barcode Date last seen Price effective from Koha item type Source of classification or shelving scheme Source of acquisition Sub Shelving location Date checked out Total Renewals
      College Library College Library Reserve Section 05/28/2014   P 90 .G875 2013 C18037 05/15/2018 05/28/2014 Books          
      College Library College Library Reserve Section 09/07/2015 1 P 90 .G875 2013 C19960 05/15/2018 09/07/2015 Books Library of Congress Classification Donation   10/09/2015  
      College Library College Library Reserve Section 12/03/2015 1 P 90 .G875 2013 C20305 05/15/2018 12/03/2015 Books Library of Congress Classification Library Fund   02/24/2016 3

A first look at communication theory /

APA

Griffin E., . (2013). A first look at communication theory. New York: McGraw-Hill.

Chicago

Griffin Em, . 2013. A first look at communication theory. New York: McGraw-Hill.

Harvard

Griffin E., . (2013). A first look at communication theory. New York: McGraw-Hill.

MLA

Griffin Em, . A first look at communication theory. New York: McGraw-Hill. 2013.

  • Place hold
  • Print
  • Cite
  • Add to your cart (remove)
  • Save record
    BIBTEX Dublin Core MARCXML MARC (non-Unicode/MARC-8) MARC (Unicode/UTF-8) MARC (Unicode/UTF-8, Standard) MODS (XML) RIS
  • More searches
    Search for this title in:
    Other Libraries (WorldCat) Other Databases (Google Scholar) Online Stores (Bookfinder.com) Open Library (openlibrary.org)

Exporting to Dublin Core...

SOUTHVILLE LIBRARY

Southville International School and Colleges Library

1281 Tropical Ave. Cor. Luxembourg St., BF Homes International, Las Pinas City

Tel. No. 8256374 / 252358 Loc. 117/146

Powered by Koha